Những vấn đề văn học và ngôn ngữ học : (30 năm thông tin các khoa học ngữ văn)
Wedi'i Gadw mewn:
| Prif Awdur: | |
|---|---|
| Fformat: | Llyfr |
| Iaith: | Vietnamese |
| Cyhoeddwyd: |
Khoa học xã hội
2003
|
| Tagiau: |
Ychwanegu Tag
Dim Tagiau, Byddwch y cyntaf i dagio'r cofnod hwn!
|
| Thư viện lưu trữ: | Mạng thư viện Đại học Đà Nẵng |
|---|
| LEADER | 00680nam a2200253 4500 | ||
|---|---|---|---|
| 001 | 000022085 | ||
| 003 | 18533 | ||
| 005 | 20150424140412.0 | ||
| 008 | 150424s2003 viesd | ||
| 020 | |c 110000 | ||
| 041 | 0 | |a vie | |
| 082 | 1 | 4 | |a 800 |b LÊ-S |
| 100 | 1 | |a Lê Sơn | |
| 245 | 1 | 0 | |a Những vấn đề văn học và ngôn ngữ học : (30 năm thông tin các khoa học ngữ văn) |c Lê Sơn |
| 260 | |b Khoa học xã hội |c 2003 | ||
| 300 | |a tr. |c cm. | ||
| OWN | |a LSP | ||
| 999 | |a From the UDN01 | ||
| TYP | |a Monograph | ||
| TYP | |a Printed language | ||
| 980 | |a Mạng thư viện Đại học Đà Nẵng | ||